Science Quiz

Random Science Quiz

Dorsal Left Forelimb Muscles of the Cat (deep) Quiz Stats

Quiz not verified by Sporcle

Challenge
Share
Tweet
Score 0/12 Timer 10:00
0 Plays Today
Hint Answer % Correct
1Serratus ventralis
88.6%
3Long head of triceps brachii
82.9%
12Medial head of triceps brachii
82.9%
16Supraspinatus
80%
6Extensor carpi ulnaris
74.3%
11Brachialis
71.4%
17Rhomboideus
68.6%
5Extensor digitorum lateralis
68.6%
10Extensor carpi radialis longus
65.7%
4Extensor digitorum communis
62.9%
18Rhomboideus capitis
57.1%
19Splenius
57.1%

You're not logged in!

Compare scores with friends on all Sporcle quizzes.
Join for Free
OR
Log In

You Might Also Like...

Show Comments

Extras

Created Oct 8, 2013ReportNominate
Tags:cat, deep, muscle

Top Quizzes Today


Score Distribution

Your Account Isn't Verified!

In order to create a playlist on Sporcle, you need to verify the email address you used during registration. Go to your Sporcle Settings to finish the process.

Report this User

Report this user for behavior that violates our Community Guidelines.

Details: